| 000 | 00369nam a2200145Ia 4500 | ||
|---|---|---|---|
| 008 | 240624s9999 xx 000 0 und d | ||
| 041 | _aeng | ||
| 082 | _a004.068 FLY | ||
| 100 | _aFLYNN NANCY | ||
| 245 | _aE POLICY HANDBOOK RULES AND BEST PRACTIC | ||
| 250 | _a(2nd ed.) | ||
| 260 |
_c2009 _aNew York _bAMACOM |
||
| 300 | _axi, : 323 : p. : cm. ; 22 | ||
| 365 |
_c _b30 |
||
| 999 |
_c23076 _d23076 |
||